00469nam a2200193Ia 4500008004100000020001800041050001400059100001600073245002000089245004700109260001500156260001600171260000900187300001500196300002700211300001000238440001900248500000800267170918s9999 xx 000 0 und d a9780545295000 bK641 2011 aKlein, Abby aShark attack! / cAbby Klein ; illustrated by John McKinley. aNew York : bScholastic, c2011 a94 pages : bcolored illustration ; c19cm. aReady, Freddy! a470